000 00496nam a2200181Ia 4500
001 8724
005 20260306160631.0
008 260306t2009||||xx |||||||||||||| ||spa||
041 _aESP
082 _a371.3
_bO74
100 _aOrtiz Ocaña, Alexander Luis
_eAUT
245 0 _aPedagogía problémica:
_bmodelo metodológico para el aprendizaje significativo por problemas
260 _c2009
300 _a143 páginas :
_c24 cm.
650 _aGEN
654 _aCED
942 _cLIB
_dJUS
_fJUS
_2ddc
_n
999 _c8724
_d8724